Estudio análisis y diseño para un sistema financiero de un centro de educación superior
Presenta estudio análisis y diseño para un sistema financiero de un centro de educación superior en el cual se presentan los diferentes procesos para la administración rápida, control, eficaz y eficiente del 6% que el estado proporciona a los CES, así como los diagramas de procesos financieros...
| Main Author: | |
|---|---|
| Other Authors: | |
| Format: | Tesis Section = Libro |
| Language: | Undetermined Spanish |
| Published: |
Managua
UNI
1997
|
| Subjects: |
| LEADER | 01070nam a2200217Ia 4500 | ||
|---|---|---|---|
| 008 | 240830s9999 xx 000 0 und d | ||
| 040 | |a BIBLIOTECA-RUSB/ Mon 620.72 A678 | ||
| 041 | |a spa | ||
| 082 | |a Mon 620.72 A678 | ||
| 100 | 1 | |a Áreas Esquivel, Janett | |
| 245 | 1 | 0 | |a Estudio análisis y diseño para un sistema financiero de un centro de educación superior |
| 260 | |a Managua |b UNI |c 1997 | ||
| 300 | |a 273 p. :il. | ||
| 502 | |a Tesis (Ingeniero en Computación) - UNI, 1997. | ||
| 520 | 3 | |a Presenta estudio análisis y diseño para un sistema financiero de un centro de educación superior en el cual se presentan los diferentes procesos para la administración rápida, control, eficaz y eficiente del 6% que el estado proporciona a los CES, así como los diagramas de procesos financieros, contabilidad, presupuesto, control de caja y activos fijos. | |
| 650 | 7 | |a ANALISIS Y DISEÑO DE SISTEMAS | |
| 650 | 7 | |b SISTEMAS DE INFORMACION - EDUCACION SUPERIOR | |
| 700 | 1 | |a Tutor: |b Miranda Quintero, Melania | |
| 942 | |c BK |2 ddc | ||
| 991 | |a TESIS | ||
| 999 | |c 20037 | ||